Normal view
MARC view
- القرآن -- إعراب -- القرآن -- بلاغة
Entry Topical Term
001 - CONTROL NUMBER
- control field: 43274
003 - CONTROL NUMBER IDENTIFIER
- control field: JO-AjAnu
005 - DATE AND TIME OF LATEST TRANSACTION
- control field: 20230606081155.0
008 - FIXED-LENGTH DATA ELEMENTS
- fixed length control field: 230606|| aca||aabn | a|a d
040 ## - CATALOGING SOURCE
- Original cataloging agency: JO-AjAnu
- Transcribing agency: JO-AjAnu
150 ## - HEADING--TOPICAL TERM
- Topical term or geographic name entry element: القرآن -- إعراب -- القرآن -- بلاغة
670 ## - SOURCE DATA FOUND
- Source citation: Work cat.: (JO-AjAnu)22160: تأليف الدرويش، محيي الدين, author 43273, إعراب القران الكريم وبيانه، م2